000 00239nam a2200109Ia 4500
999 _c10142
_d10142
020 _a 978-0749461577
100 _aPaul Roberts
245 0 _aEffective Project Management
260 _aIndia
_bS. Chand
_c2010
300 _a288
942 _cBK